[Event "Czech Chess Christmas 2010"]
[Site "Litomysl"]
[Date "2011.01.02"]
[Round "9.13"]
[White "Pekar, Vaclav"]
[Black "Bombek, Peter"]
[Result "1-0"]
[WhiteElo "2114"]
[BlackElo "2228"]
[PlyCount "115"]
[EventDate "2010.12.26"]

1. e4 d5 2. exd5 Qxd5 3. Nc3 Qa5 4. Nf3 Nf6 5. Be2 Nc6 6. O-O Bg4 7. h3 Bh5 8.
Bb5 O-O-O 9. g4 Bg6 10. Bxc6 bxc6 11. b4 Qa6 12. Ne5 Nd5 13. Qf3 f6 14. Nxg6
hxg6 15. Rb1 Qc4 16. Ne4 e6 17. Rb2 Bd6 18. d3 Qd4 19. c4 Ne7 20. c5 Be5 21.
Rb3 Qd5 22. Be3 Rh7 23. Kg2 g5 24. Nd2 Ng6 25. Qxd5 Nh4+ 26. Kg1 Rxd5 27. f4
gxf4 28. Bxf4 Bd4+ 29. Kh2 Ng6 30. Bg3 a5 31. bxa5 Rxc5 32. Nc4 Rh8 33. Rfb1
Kd7 34. Rb8 Rxb8 35. Rxb8 Rb5 36. Rg8 f5 37. a6 Ne7 38. Rxg7 Rb4 39. Bxc7 Ra4
40. Ba5 f4 41. a3 Ke8 42. Rh7 f3 43. g5 f2 44. Kg2 Nf5 45. a7 Ne3+ 46. Nxe3
Rxa5 47. Kxf2 Rxa3 48. Ke2 Bxa7 49. h4 Ra5 50. Nc4 Ra1 51. h5 Bd4 52. g6 Kf8
53. h6 Kg8 54. Rc7 Kf8 55. g7+ Bxg7 56. hxg7+ Kg8 57. Ne5 Ra5 58. Ng4 1-0

[Event "Czech Chess Christmas 2010"]
[Site "Litomysl"]
[Date "2011.01.02"]
[Round "9.16"]
[White "Skoda, Martin"]
[Black "Lys, Josef"]
[Result "0-1"]
[WhiteElo "2034"]
[BlackElo "2199"]
[PlyCount "106"]
[EventDate "2010.12.26"]

1. e4 e5 2. Nf3 d6 3. d4 exd4 4. Qxd4 Nf6 5. Bg5 Be7 6. Nc3 O-O 7. h3 a6 8. Be2
Nc6 9. Qd2 b5 10. a3 Bb7 11. O-O h6 12. Bf4 Re8 13. Rfe1 Bf8 14. Bf1 Ne5 15.
Bg3 Ng6 16. Qd3 Nh5 17. Bh2 Nhf4 18. Qd2 Qf6 19. Nd4 c5 20. Nf5 Qg5 21. Kh1
Nxh3 22. Qxg5 Nxg5 23. Nxd6 Bxd6 24. Bxd6 Nxe4 25. Nxe4 Bxe4 26. Bxc5 Bxc2 27.
Rac1 Bb3 28. Bd3 Nf4 29. Bf1 Rxe1 30. Rxe1 Rc8 31. Bd4 Ne6 32. Be5 Rc2 33. Kg1
Bc4 34. Bc3 Bxf1 35. Kxf1 Nf4 36. Re8+ Kh7 37. g3 Rc1+ 38. Re1 Rxe1+ 39. Kxe1
Ne6 40. Kd2 Kg6 41. Ba5 Nd4 42. Kd3 Nc6 43. Bc3 f5 44. Ke3 Kf7 45. Kf4 g6 46.
f3 Ke6 47. Bg7 g5+ 48. Ke3 h5 49. Bh6 h4 50. gxh4 gxh4 51. Kf4 Nd4 52. Bg5 h3
53. Kg3 h2 0-1

[Event "Czech Chess Christmas 2010"]
[Site "Litomysl"]
[Date "2011.01.02"]
[Round "9.17"]
[White "Dowgird, Filip"]
[Black "Svoboda, Karel"]
[Result "1/2-1/2"]
[WhiteElo "2096"]
[BlackElo "2043"]
[PlyCount "84"]
[EventDate "2010.12.26"]

1. e4 e5 2. Nf3 Nc6 3. Bb5 a6 4. Bxc6 dxc6 5. d4 exd4 6. Qxd4 Qxd4 7. Nxd4 Nf6
8. f3 Bd7 9. Be3 O-O-O 10. Nd2 Bd6 11. O-O-O Rhe8 12. Nc4 Be6 13. Nxe6 Rxe6 14.
h3 Nd7 15. Rd2 Ne5 16. Nxe5 Bxe5 17. Rhd1 Rxd2 18. Rxd2 Bd6 19. Re2 f6 20. c3
g6 21. Kd2 f5 22. Bg5 fxe4 23. Rxe4 Rxe4 24. fxe4 Kd7 25. Ke3 Ke6 26. Bf4 Kf6
27. Kf3 g5 28. Be3 h5 29. Bd4+ Ke6 30. g4 h4 31. Be3 Kf6 32. Ke2 Be7 33. Bd4+
Ke6 34. Kd3 Bd6 35. c4 c5 36. Bc3 Be5 37. Bd2 Kf6 38. b3 b6 39. a3 Kg6 40. Be3
a5 41. Bd2 Kf6 42. a4 Kg6 1/2-1/2

[Event "Czech Chess Christmas 2010"]
[Site "Litomysl"]
[Date "2011.01.02"]
[Round "9.18"]
[White "Galvanek, Ladislav"]
[Black "Niemers, Johannes"]
[Result "0-1"]
[WhiteElo "2091"]
[BlackElo "1999"]
[PlyCount "90"]
[EventDate "2010.12.26"]

1. d4 d5 2. c4 e6 3. Nc3 Nf6 4. Bg5 Be7 5. e3 c6 6. Nf3 Nbd7 7. Qc2 a6 8. a4
Qa5 9. Rc1 h6 10. Bh4 Bb4 11. cxd5 exd5 12. Bd3 O-O 13. O-O Re8 14. h3 Bd6 15.
Rfe1 Qc7 16. e4 dxe4 17. Nxe4 Nxe4 18. Bxe4 g5 19. Bh7+ Kf8 20. Rxe8+ Kxe8 21.
Re1+ Kf8 22. Nxg5 hxg5 23. Bxg5 Kg7 24. Qf5 Bh2+ 25. Kh1 Qd6 26. Be7 Qf4 27.
Qh5 Qh6 28. Qf3 Bc7 29. Bd3 Nf8 30. d5 Qf4 31. Qxf4 Bxf4 32. dxc6 bxc6 33. Bb4
Be6 34. Bc3+ f6 35. g3 Bd6 36. Kh2 Kf7 37. f4 f5 38. a5 c5 39. Be2 c4 40. Bf3
Rb8 41. Rd1 Be7 42. g4 Ng6 43. g5 Nxf4 44. Be5 Rb3 45. Bc6 Rxh3+ 0-1

[Event "Czech Chess Christmas 2010"]
[Site "Litomysl"]
[Date "2011.01.02"]
[Round "9.19"]
[White "Bakalar, Jan"]
[Black "Olsar, Zdenek"]
[Result "1/2-1/2"]
[WhiteElo "2081"]
[BlackElo "1984"]
[PlyCount "35"]
[EventDate "2010.12.26"]

1. e4 c5 2. Nc3 Nc6 3. g3 g6 4. Bg2 Bg7 5. d3 d6 6. Be3 Rb8 7. Qd2 b5 8. Nge2
Nd4 9. Nd1 b4 10. c3 bxc3 11. bxc3 Nxe2 12. Qxe2 Qa5 13. Qd2 e6 14. h4 h5 15.
O-O Ne7 16. Bf4 e5 17. Be3 O-O 18. c4 1/2-1/2

[Event "Czech Chess Christmas 2010"]
[Site "Litomysl"]
[Date "2011.01.02"]
[Round "9.20"]
[White "Kastner, Oldrich"]
[Black "Hrabal, Michal"]
[Result "1-0"]
[WhiteElo "2070"]
[BlackElo "1972"]
[PlyCount "103"]
[EventDate "2010.12.26"]

1. e4 e5 2. Bc4 Nf6 3. d3 Be7 4. Nf3 d6 5. Bb3 Nbd7 6. c3 O-O 7. O-O c6 8. Re1
b6 9. Nbd2 a5 10. Nf1 Qc7 11. d4 h6 12. Ng3 Re8 13. Nf5 Bf8 14. N3h4 exd4 15.
cxd4 a4 16. Bc2 c5 17. d5 b5 18. Bd2 Nb6 19. Qf3 b4 20. b3 Ba6 21. Rac1 Bb5 22.
Nxh6+ gxh6 23. Qxf6 Qd8 24. Qf4 Qg5 25. Nf5 Qxf4 26. Bxf4 Red8 27. Bd2 axb3 28.
axb3 Ra2 29. Nxh6+ Bxh6 30. Bxh6 Rda8 31. Bf4 Nc8 32. e5 dxe5 33. Bxe5 Nb6 34.
Bb1 Rd2 35. Rxc5 Bd3 36. Bf4 Re2 37. Rxe2 Bxe2 38. d6 Nd7 39. Rc1 Kg7 40. Be3
Ra6 41. Bd2 Rxd6 42. Bxb4 Rb6 43. Bc3+ Nf6 44. b4 Rd6 45. f3 Bb5 46. g4 Kh6 47.
Bxf6 Rxf6 48. g5+ Kxg5 49. Rc5+ Kf4 50. Rxb5 Rd6 51. Rf5+ Ke3 52. Kg2 1-0